000 00303nam a22001337a 4500
008 170606b xxu||||| |||| 00| 0 eng d
020 _a9780521546713
041 _aeng
080 _a327
100 _a18
101 _aSHH
245 _aTHE POLITICS OF INTERNATIONAL LAW
_cSMIT, CH.R
942 _2udc
_cBK
999 _c16055
_d16055